LEADER 01333nam0 2200301 450 001 000035700 005 20180612113322.0 100 $a20131217d1924----km-y0itaa50------ba 101 0 $aita 102 $aIT 200 1 $a<> malaria in provincia di Reggio Calabria$fFrancesco Genovese$gcon prefazione di Umberto Zanotti- Bianco 210 $aFirenze$cVallecchi$d1924 215 $aXXXI, 142 p., [5] carte di tav., [1] carta geogr. ripieg.$cill.$d20 cm 316 $aSulla pagina precedente il frontespizio dell'esemplare FVIG/T41082: Gioacchino Viggiani 26 febbraio 1930 606 1 $aMalaria 676 $a614.532$v(22. ed.)$9Incidenza e controllo delle protozoosi. Malaria 700 1$aGenovese,$bFrancesco$0232332 702 1$aZanotti-Bianco,$bUmberto$f<1889-1963> 801 0$aIT$bUniversità della Basilicata - B.I.A.$gREICAT$2unimarc 912 $a000035700 996 $aMalaria in provincia di Reggio Calabria$9101863 997 $aUNIBAS CAT $aSTD094$b01$c20131217$lBAS01$h1312 CAT $aTTM$b30$c20131219$lBAS01$h0855 CAT $aATR$b20$c20180612$lBAS01$h1129 CAT $aATR$b20$c20180612$lBAS01$h1133 FMT Z30 -1$lBAS01$LBAS01$mBOOK$1BASA2$APolo Tecnico-Scientifico$2FVIG$BFondo Viggiani$3FVig/41082$641082$5T41082$7Collocato presso la Scuola di Agraria$820131217$f35$FStanza riservata LEADER 00956nam--2200349---450- 001 990006079920203316 005 20150930130932.0 035 $a000607992 035 $aUSA01000607992 035 $a(ALEPH)000607992USA01 035 $a000607992 100 $a20150930d1942----km-y0itay50------ba 101 0 $aita 102 $aIT 105 $a||||||||001yy 200 1 $a<> nuova terra$eromanzo$fdi Knut Hamsun 210 $aRoma$cLonganesi$d1942 215 $a373 p.$d19 cm 225 2 $a<> gaia scienza$v3 300 $aTraduzione di Giuseppe Isani 410 0$12001$a<> gaia scienza$v3 454 1$12001$aNy Jord$91516537 676 $a839.54 700 1$aHAMSUN,$bKnut$0440648 801 0$aIT$bsalbc$gISBD 912 $a990006079920203316 951 $aXV.9.M. 1292$b2999 MAR$cXV.9.M.$d00346985 959 $aBK 969 $aMAR 979 $aIANNONE$b90$c20150930$lUSA01$h1309 996 $aNy Jord$91516537 997 $aUNISA